| 000 | 00797nam a22001817a 4500 | ||
|---|---|---|---|
| 999 |
_c5218 _d5218 |
||
| 003 | AR-CdUCM | ||
| 008 | 190312b ||||| |||| 00| 0 spa d | ||
| 040 |
_aMUNICIPALIDAD PROVINCIAL DEL CUSCO _cBIBLIOTECA MUNICIPAL DEL CUSCO |
||
| 082 |
_a410 / _bR74 |
||
| 100 |
_aRodríguez Adrados, Francisco _915823 |
||
| 245 | _aEstudios de lingüística general / | ||
| 260 |
_aBarcelona : _bPlaneta, _c1969. |
||
| 300 |
_a325 páginas ; _c21 cm. |
||
| 505 | _aContenido: Estructuras del vocabulario y estructura de la lengua -- Gramática estructural y diccionario -- Sobre el significado de las unidades lingüísticas -- Las unidades significativas y el principio de indeterminación -- ideas para una tipología del griego ... | ||
| 650 |
_aLingüística _91640 |
||
| 942 |
_2ddc _cLIBROS |
||
| 945 | _azta | ||